Miniaturas checoeslovacas, románicas y góticas
Uloženo v:
| Hlavní autor: | |
|---|---|
| Médium: | Kniha |
| Jazyk: | španělština |
| Vydáno: |
Ciudad de México
Hermes
1964
|
| Edice: | Colección Unesco-Hermes Bolsilibros de Arte
|
| Témata: | |
| Tagy: |
Přidat tag
Žádné tagy, Buďte první, kdo vytvoří štítek k tomuto záznamu!
|
MARC
| LEADER | 00000nam a2200000 a 4500 | ||
|---|---|---|---|
| 001 | UCO1841 | ||
| 003 | CL-VaPUC | ||
| 008 | 000519e19640000MX |||||||||||||||||spa|d | ||
| 082 | 0 | 4 | |a 751.77 |b KVE |2 21 |
| 100 | 0 | |a Kvet, Jan |e author |9 444375 | |
| 245 | 1 | 0 | |a Miniaturas checoeslovacas, románicas y góticas |
| 300 | |a 24 p | ||
| 942 | |c BK | ||
| 945 | |d 20000519 00:00:00 |a rbrito | ||
| 260 | |a Ciudad de México |b Hermes |c 1964 | ||
| 650 | 0 | |a Arte checoslovaco |9 444376 | |
| 650 | 7 | |a MINIATURAS |2 CL-VaPUC |9 444377 | |
| 651 | 7 | |a CHECOESLOVAQUIA |2 CL-VaPUC |9 406872 | |
| 583 | |a last modification |c 20000519 00:00:00 |k Rodrigo Vera | ||
| 490 | 0 | |a Colección Unesco-Hermes Bolsilibros de Arte | |
| 999 | |c 288433 |d 288431 | ||
| 952 | |0 0 |1 0 |4 0 |6 751_770000000000000_KVE_1964 |7 0 |8 P |9 336104 |a BIBARQ |b BIBARQ |d 2019-11-20 |i 3620603 |o 751.77 KVE 1964 |p 3620603 |r 2025-01-20 |w 2019-11-20 |y BK |k ARQ | ||